00741 2200253 4500001002100000005001500021035002000036008004100056245002400097100001500121250000600136260003200142300002900174020002200203084001400225520017000239082000800409650001000417990001200427990001200439990001200451990001200463990001200475INLIS00000000000008720240502104419 a0010-0424000063240502 1 ind 1 aAmelia /cTere Liye aLiye, Tere a1 aJakarta :bRepublika,c2013 a391 hlm ;c14 cm x 21 cm a978-602-8997-73-7 a813 TER a aAmelia, si gadis bungsu yang kuat. Terlahir menjadi anak bungsu, membuatnya tak terima dengan kenyataan, selalu ingin bertukar posisi dengan kakak sulungnya, Eliana. a813 4aFiksi a0732584 a0732585 a0732586 a0732587 a0732588